Á lódáil...

Muslim parivesha ki visisht kahaniyam /

Sonraí Bibleagrafaíochta
Príomhúdar: Vijaydev Sashi
Formáid: Printed Book
Teanga:English
Foilsithe: Sarada Prakashan, 1984.
LEADER 00464nam a2200133Ia 4500
008 121027s9999 xx 000 0 eng d
082 |a 863.7108  |b VIJ/M H 
100 |a Vijaydev Sashi 
245 |a Muslim parivesha ki visisht kahaniyam / 
260 |b Sarada Prakashan,  |c 1984. 
300 |a 176 
500 |a Secondary Collection 
999 |c 66552  |d 66552 
952 |0 1  |1 0  |2 ddc  |4 1  |6 863_710800000000000_VIJ_M_H  |7 0  |9 66529  |a UL  |b UL  |c ST2  |d 2012-10-27  |l 0  |o 863.7108 VIJ/M H  |p G5400  |r 2012-10-27  |y BK